Welcome to the Holygrace Academy Library

Please use search bar below to get started

THE WATER BABIES (Record no. 3395)

MARC details
000 -LEADER
fixed length control field 00612nam a22001457a 4500
020 ## - INTERNATIONAL STANDARD BOOK NUMBER
ISBN 0-600-31169-4
082 ## - DEWEY DECIMAL CLASSIFICATION NUMBER
Classification number 823
Item number KIN/W
100 ## - MAIN ENTRY--AUTHOR NAME
Personal name KINGSLEY, CHARLES
245 ## - TITLE STATEMENT
Title THE WATER BABIES
260 ## - PUBLICATION, DISTRIBUTION, ETC. (IMPRINT)
Place of publication ENGLAND
Name of publisher HAMLYN PUBLISHING
Year of publication 1986
300 ## - PHYSICAL DESCRIPTION
Number of Pages 191
520 ## - SUMMARY, ETC.
Summary, etc A Victorian fairy tale of epic proportions and strong moral overtones, The Water-Babies tells the story of Tom, a young chimney sweep, who escapes the toil and drudgery of his miserable apprenticeship through his magical transformation by fairies from a dirty little boy into a clean "water-baby," .
650 ## - SUBJECT ADDED ENTRY--TOPICAL TERM
Topical Term NOVEL
Geographic subdivision ENGLAND
942 ## - ADDED ENTRY ELEMENTS (KOHA)
Koha item type Books
Holdings
Withdrawn status Lost status Collection code Home library Current library Shelving location Date acquired Source of acquisition Full call number Accession Number Koha item type
    Fiction Main Library Main Library SHELF-14G- ALPHABETICAL J,K,L --ENGLISH NOVELS & FICTIONS 19/06/2023 purchase 823 KIN/W 12780 Books